Knowledge, Art, and Power : An Outline of a Theory of Experience /
In Knowledge, Art, and Power: An Outline of a Theory of Experience John Ryder presents an original theory of experience rooted in the American pragmatic naturalist philosophical tradition. The operative assumption of the book is that a clearer understanding of experience provides a richer conception...
المؤلف الرئيسي:
التنسيق: كتاب الكتروني
اللغة: English
منشور في:
Leiden; Boston :
Brill | Rodopi,
2020.
سلاسل:
Value Inquiry Book Series ;
346.
Religious Studies, Theology and Philosophy E-Books Online, Collection 2020, ISBN: 9789004419094.
الموضوعات:
الوصول للمادة أونلاين: Login to view Source
الوسوم: إضافة وسم
رقم الطلب: B1674.W38
| LEADER | 02554nam a22004451i 4500 | ||
|---|---|---|---|
| 001 | BRILL9789004429185 | ||
| 003 | nllekb | ||
| 005 | 20210602095515.0 | ||
| 006 | m d | ||
| 007 | cr un uuuua | ||
| 008 | 200407s2020 ne sb 001 0 eng d | ||
| 020 | |a 9789004429185 |q (electronic book) | ||
| 020 | |a 9789004429178 |q (print) | ||
| 024 | 7 | |a 10.1163/9789004429185 |2 DOI | |
| 035 | |z (OCoLC)1139945632 | ||
| 040 | |a NL-LeKB |c NL-LeKB |e rda | ||
| 050 | 4 | |a B1674.W38 | |
| 072 | 7 | |a HPK |2 bicssc | |
| 072 | 7 | |a PHI |x 004000 |2 bisacsh | |
| 082 | 0 | 4 | |a 192.9 |2 23 |
| 100 | 1 | |a Ryder, John, |e author. | |
| 245 | 1 | 0 | |a Knowledge, Art, and Power : |b An Outline of a Theory of Experience / |c John Ryder. |
| 246 | 3 | |a An Outline of a Theory of Experience | |
| 264 | 1 | |a Leiden; |a Boston : |b Brill | Rodopi, |c 2020. | |
| 300 | |a 1 online resource. | ||
| 336 | |a text |b txt |2 rdacontent | ||
| 337 | |a computer |b c |2 rdamedia | ||
| 338 | |a online resource |2 rdacarrier | ||
| 490 | 1 | |a Value Inquiry Book Series ; |v 346 | |
| 490 | 1 | |a Religious Studies, Theology and Philosophy E-Books Online, Collection 2020, ISBN: 9789004419094 | |
| 520 | |a In Knowledge, Art, and Power: An Outline of a Theory of Experience John Ryder presents an original theory of experience rooted in the American pragmatic naturalist philosophical tradition. The operative assumption of the book is that a clearer understanding of experience provides a richer conception of human being. Beginning with the Deweyan idea of experience as the mutually constitutive engagement of an individual with her environing conditions, the theory posits that there are three general dimensions that condition all of our experience - cognitive (knowledge), aesthetic (art), and political (power). All other constituents and forms of experience, such as language, emotions, ethics, religion, and others, are conditioned by these three general threads that define the fabric of experience and of human life. | ||
| 588 | |a Description based on print version record. | ||
| 650 | 0 | |a Experience. | |
| 776 | 0 | 8 | |i Print version: |t Knowledge, Art, and Power: An Outline of a Theory of Experience, |d Leiden Boston : Brill | Rodopi, 2020 |z 9789004429178 |
| 830 | 0 | |a Value Inquiry Book Series ; |v 346. | |
| 830 | 0 | |a Religious Studies, Theology and Philosophy E-Books Online, Collection 2020, ISBN: 9789004419094. | |
| 856 | 4 | |z DOI: |u http://dx.doi.org/10.1163/9789004429185 | |
| 942 | |c EBOOK | ||
| 952 | |0 0 |1 0 |4 0 |7 1 |9 13421 |a BRILL |b BRILL |d 2021-06-02 |l 0 |r 2021-06-02 00:00:00 |w 2021-06-02 |y EBOOK | ||
| 999 | |c 34874 |d 34874 | ||
